Organic chemistry

The book lays the foundation for studying organic chemistry covering the structures and typical reactions of the important classes of organic compounds: alkanes, alkenes, alkyl halides, alcohols, alkynes, ethers and epoxides, aldehydes and ketones, carboxylic acids and their derivatives, benzene and...

Volledige beschrijving

Bewaard in:
Bibliografische gegevens
Hoofdauteur: Brown, William H.
Formaat: Boek
Taal:Undetermined
Gepubliceerd in: Orlando, Florida Saunders College 1998
Onderwerpen:
Tags: Voeg label toe
Geen labels, Wees de eerste die dit record labelt!
Thư viện lưu trữ: Trung tâm Học liệu Trường Đại học Cần Thơ
LEADER 01193nam a2200217Ia 4500
001 CTU_32135
008 210402s9999 xx 000 0 und d
020 |b 512.000đ 
020 |c 512000 
082 |a 547 
082 |b B881/1998 
100 |a Brown, William H. 
245 0 |a Organic chemistry 
245 0 |c William H Brown, Christopher S Foote 
260 |a Orlando, Florida 
260 |b Saunders College 
260 |c 1998 
520 |a The book lays the foundation for studying organic chemistry covering the structures and typical reactions of the important classes of organic compounds: alkanes, alkenes, alkyl halides, alcohols, alkynes, ethers and epoxides, aldehydes and ketones, carboxylic acids and their derivatives, benzene and its derivatives, and finally amines. It also introduces the organic chemistry of the four major classes of biomolecules, namely carbohydrates, lipids, amino acids and proteins, and nucleic acids. Finally, the book discusses the organic chemistry of two key metabolic pathways, namely glycolysis and -oxidation of fatty acids 
650 |a Chemistry, organic 
904 |i Minh, 990720 
980 |a Trung tâm Học liệu Trường Đại học Cần Thơ